[Event "Titled Tue 20th May Early"]
[Site "chess.com INT"]
[Date "2025.05.20"]
[Round "1"]
[White "Marchesich, Giovanni"]
[Black "Masague Artero, Guerau"]
[Result "0-1"]
[WhiteTitle "CM"]
[BlackTitle "FM"]
[WhiteElo "2219"]
[BlackElo "2326"]
[WhiteFideId "2824790"]
[BlackFideId "32098952"]
[EventDate "2025.05.20"]

1. Nf3 b6 2. e4 Bb7 3. d3 g6 4. g3 Bg7 5. Bg2 c5 6. O-O Nc6 7. c4 d6 8. Nc3 Nf6
9. Ne1 O-O 10. Nc2 a6 11. a4 Nd7 12. Ne3 Nd4 13. f4 f5 14. Bh3 e6 15. Bd2 Bc6
16. Be1 b5 17. g4 b4 18. gxf5 bxc3 19. bxc3 exf5 20. cxd4 Bxd4 21. Bf2 fxe4 22.
Rb1 Rxf4 23. Ng2 Rxf2 24. Rxf2 e3 25. Be6+ Kh8 0-1

[Event "Titled Tue 20th May Early"]
[Site "chess.com INT"]
[Date "2025.05.20"]
[Round "1"]
[White "Pavlov, Nikolay"]
[Black "Beniosev, Daniel"]
[Result "1-0"]
[WhiteTitle "FM"]
[BlackTitle "CM"]
[WhiteElo "2316"]
[BlackElo "2010"]
[WhiteFideId "24141470"]
[BlackFideId "11632674"]
[EventDate "2025.05.20"]

1. e4 c5 2. Nf3 e6 3. d4 cxd4 4. Nxd4 Nc6 5. Nc3 Qc7 6. Be3 a6 7. Qf3 Nf6 8.
O-O-O Ne5 9. Qg3 b5 10. f4 Neg4 11. e5 Nxe3 12. Qxe3 Ng4 13. Qg3 h5 14. Be2 g5
15. Bxg4 gxf4 16. Qf3 hxg4 17. Qxa8 1-0

[Event "Titled Tue 20th May Early"]
[Site "chess.com INT"]
[Date "2025.05.20"]
[Round "1"]
[White "Marcziter, Dmitrii"]
[Black "Yildiz, Serdar Murat"]
[Result "0-1"]
[WhiteTitle "FM"]
[BlackTitle "CM"]
[WhiteElo "2208"]
[BlackElo "2208"]
[WhiteFideId "13900765"]
[BlackFideId "44536780"]
[EventDate "2025.05.20"]

1. e4 d6 2. d4 Nf6 3. Nc3 g6 4. f4 Bg7 5. Nf3 O-O 6. e5 dxe5 7. fxe5 Nd5 8. Bc4
c6 9. h3 b5 10. Bb3 Be6 11. Ne4 Nd7 12. O-O Nc7 13. Bxe6 Nxe6 14. c3 a5 15. a4
Nb6 16. axb5 cxb5 17. Qe2 b4 18. Be3 Nd5 19. Rac1 bxc3 20. bxc3 a4 21. c4 Nxe3
22. Qxe3 Qb6 23. Rb1 Qa7 24. Ra1 a3 25. Ra2 Rfc8 26. c5 Qd7 27. Rfa1 Rd8 28. Rd2
Qd5 29. Nc3 Qb3 30. d5 Nf4 31. d6 exd6 32. cxd6 Rac8 33. Nd5 Qxe3+ 34. Nxe3 Rc3
35. Nd5 Nxd5 36. Rxd5 Bf8 37. Ra5 f6 38. exf6 Bxd6 39. R5xa3 Rxa3 40. Rxa3 Bxa3
41. f7+ Kxf7 42. Ne5+ Kg7 43. Nc6 Rd2 0-1

[Event "Titled Tue 20th May Early"]
[Site "chess.com INT"]
[Date "2025.05.20"]
[Round "1"]
[White "Potawad, Anirudhha"]
[Black "Momunaliev, Ruslan"]
[Result "0-1"]
[WhiteTitle "FM"]
[BlackTitle "CM"]
[WhiteElo "2288"]
[BlackElo "2213"]
[WhiteFideId "45081506"]
[BlackFideId "13812211"]
[EventDate "2025.05.20"]

1. d4 d5 2. c4 c6 3. Nf3 Nf6 4. g3 Bg4 5. Bg2 e6 6. O-O Nbd7 7. Nbd2 Be7 8. Qc2
Bf5 9. Qc3 Ne4 10. Nxe4 Bxe4 11. Bf4 O-O 12. Rac1 Rc8 13. Rfd1 c5 14. dxc5 Rxc5
15. Qe3 Qc8 16. cxd5 Bxd5 17. b4 Rc4 18. Rxc4 Qxc4 19. a3 Rc8 20. Rc1 Qxc1+ 21.
Qxc1 Rxc1+ 22. Bxc1 Nb6 23. Kf1 Bf6 24. Ke1 Bc3+ 25. Kd1 Bb3# 0-1

[Event "Titled Tue 20th May Early"]
[Site "chess.com INT"]
[Date "2025.05.20"]
[Round "1"]
[White "Weetik, Vjacheslav"]
[Black "Wijerathna, Vinuka Dihain"]
[Result "1-0"]
[WhiteTitle "FM"]
[BlackTitle "CM"]
[WhiteElo "2423"]
[BlackElo "2063"]
[WhiteFideId "4153472"]
[BlackFideId "29981905"]
[EventDate "2025.05.20"]

1. Nf3 d5 2. g3 Nd7 3. d4 Ngf6 4. Bg2 e6 5. c4 dxc4 6. O-O Rb8 7. a4 a6 8. Nc3
Be7 9. e4 O-O 10. Bf4 b5 11. axb5 axb5 12. d5 exd5 13. e5 Ne4 14. Nxd5 Bb7 15.
e6 fxe6 16. Bxc7 exd5 17. Bxd8 Bxd8 18. Ra7 Bb6 19. Rxb7 1-0

[Event "Titled Tue 20th May Early"]
[Site "chess.com INT"]
[Date "2025.05.20"]
[Round "1"]
[White "Shevchenko, Yaroslav"]
[Black "Ramu, K."]
[Result "1-0"]
[BlackTitle "FM"]
[WhiteElo "2137"]
[BlackElo "2151"]
[WhiteFideId "34144684"]
[BlackFideId "5006171"]
[EventDate "2025.05.20"]

1. e4 c5 2. Nf3 d6 3. Bb5+ Nd7 4. O-O a6 5. Bxd7+ Bxd7 6. c3 Nf6 7. Re1 e5 8. d4
Qc7 9. Nbd2 b5 10. Nf1 Be7 11. Bg5 O-O 12. Ne3 h6 13. Bxf6 Bxf6 14. Nd5 Qd8 15.
Nxf6+ Qxf6 16. dxe5 Qg6 17. Qxd6 Be6 18. Rad1 c4 19. Nd4 Rae8 20. Qxa6 Qh5 21.
Qxb5 Bg4 22. f3 Bc8 23. e6 Qh4 24. Nf5 Qg5 25. e7 Rxe7 26. Nxe7+ Qxe7 27. Qxc4
Qg5 28. Qd5 Qg6 29. Qd6 Qg5 30. a4 f5 31. e5 f4 32. e6 Re8 33. e7 Qg6 34. Qxg6 1-0

[Event "Titled Tue 20th May Early"]
[Site "chess.com INT"]
[Date "2025.05.20"]
[Round "1"]
[White "Dilmukhametov, Artur"]
[Black "Herrera Ortiz, Miguel"]
[Result "1-0"]
[WhiteTitle "FM"]
[BlackTitle "IM"]
[WhiteElo "2276"]
[BlackElo "2174"]
[WhiteFideId "24179922"]
[BlackFideId "5100550"]
[EventDate "2025.05.20"]

1. d4 e6 2. e4 d5 3. e5 c5 4. c3 Ne7 5. Nf3 Nec6 6. Bd3 b6 7. O-O Ba6 8. Na3
Bxd3 9. Qxd3 Nd7 10. Nb5 a6 11. Nd6+ Bxd6 12. exd6 Nf6 13. Bf4 c4 14. Qe2 Ne4
15. Ne5 Nxe5 16. dxe5 O-O 17. Be3 Nc5 18. f4 g6 19. f5 exf5 20. Bxc5 bxc5 21. e6
fxe6 22. Qxe6+ Rf7 23. Qxd5 Rc8 24. Rae1 Kf8 25. Re6 Qb6 26. Qe5 Kg8 27. d7 Rcf8
28. Rxb6 1-0

[Event "Titled Tue 20th May Early"]
[Site "chess.com INT"]
[Date "2025.05.20"]
[Round "1"]
[White "Bortnyk, Olexandr"]
[Black "Dorrance, Adam"]
[Result "1-0"]
[WhiteTitle "GM"]
[BlackTitle "FM"]
[WhiteElo "2601"]
[BlackElo "2301"]
[WhiteFideId "14120828"]
[BlackFideId "2618567"]
[EventDate "2025.05.20"]

1. d4 d5 2. Nc3 Nf6 3. Bf4 a6 4. e3 g6 5. h4 h5 6. Nf3 Bg7 7. Ne5 Ng4 8. Be2
Nxe5 9. Bxe5 Bxe5 10. dxe5 Nc6 11. Qxd5 Be6 12. Qxd8+ Rxd8 13. f4 Nb4 14. Rc1
Nd5 15. Nxd5 Bxd5 16. Kf2 e6 17. c4 Be4 18. Rhd1 Ke7 19. Rxd8 Rxd8 20. Rd1 Rb8
21. Bf3 Bxf3 22. Kxf3 b5 23. c5 b4 24. c6 Ke8 25. Rd7 Rc8 26. g4 hxg4+ 27. Kxg4
a5 28. Kg5 1-0

[Event "Titled Tue 20th May Early"]
[Site "chess.com INT"]
[Date "2025.05.20"]
[Round "1"]
[White "Puzyrevsky, Semyon"]
[Black "Skytte, Robert"]
[Result "1-0"]
[WhiteTitle "FM"]
[WhiteElo "2253"]
[BlackElo "2007"]
[WhiteFideId "24240931"]
[BlackFideId "1471775"]
[EventDate "2025.05.20"]

1. e4 c5 2. Nf3 Nc6 3. Bb5 g6 4. Bxc6 dxc6 5. O-O Bg7 6. Nc3 Nf6 7. d3 Bg4 8. h3
Bxf3 9. Qxf3 O-O 10. Be3 Nd7 11. Qe2 b6 12. f4 Bd4 13. Kh1 Nf6 14. Nd1 e5 15.
Bxd4 exd4 16. Nf2 Nd7 17. Rae1 Re8 18. Qf3 Nf6 19. g4 Qd7 20. g5 Nh5 21. Ng4 Kg7
22. Kg2 Re7 23. e5 Qd5 24. Qxd5 cxd5 25. Nf6 Re6 26. Nxd5 Rae8 27. Kf3 Rc6 28.
Nf6 Nxf6 29. exf6+ Kf8 30. Rxe8+ Kxe8 31. Re1+ Kf8 32. Re7 a6 33. Ra7 b5 34.
Ra8+ 1-0

[Event "Titled Tue 20th May Early"]
[Site "chess.com INT"]
[Date "2025.05.20"]
[Round "1"]
[White "Krutko, Anatoly"]
[Black "Vakhidov, Jakhongir"]
[Result "0-1"]
[WhiteTitle "FM"]
[BlackTitle "GM"]
[WhiteElo "2397"]
[BlackElo "2546"]
[WhiteFideId "4185862"]
[BlackFideId "14201801"]
[EventDate "2025.05.20"]

1. e4 c5 2. Nf3 g6 3. d4 cxd4 4. Qxd4 Nf6 5. Nc3 Nc6 6. Qa4 d6 7. e5 dxe5 8.
Nxe5 Bd7 9. Nxd7 Nxd7 10. Be3 Bg7 11. Rd1 Bxc3+ 12. bxc3 Qc7 13. Be2 O-O 14. h4
Nb6 15. Qg4 Ne5 16. Qg3 Qxc3+ 17. Kf1 Nbc4 18. h5 Rad8 19. hxg6 Rxd1+ 20. Bxd1
fxg6 21. Kg1 Nxe3 22. fxe3 Nc4 23. Rh3 Qa1 24. Qg4 Ne5 25. Qe6+ Nf7 0-1

[Event "Titled Tue 20th May Early"]
[Site "chess.com INT"]
[Date "2025.05.20"]
[Round "1"]
[White "Murawski, Jan"]
[Black "Cernov, Henrik"]
[Result "0-1"]
[WhiteTitle "CM"]
[BlackTitle "FM"]
[WhiteElo "2191"]
[BlackElo "2325"]
[WhiteFideId "21009287"]
[BlackFideId "16258312"]
[EventDate "2025.05.20"]

1. c4 e5 2. Nc3 Nf6 3. Nf3 e4 4. Ng5 c6 5. Qa4 Qe7 6. Qc2 b5 7. c5 Qxc5 8. Ngxe4
Nxe4 9. Qxe4+ Be7 10. d4 Qd6 11. Nxb5 cxb5 12. Qxa8 O-O 13. Qe4 Qb4+ 14. Bd2
Qxb2 15. Rb1 Qxa2 16. e3 Bb7 17. Qd3 b4 18. Be2 a5 19. O-O Ba6 0-1

[Event "Titled Tue 20th May Early"]
[Site "chess.com INT"]
[Date "2025.05.20"]
[Round "1"]
[White "Nakonechnyi, Oleksii"]
[Black "Bashirli, Saadat"]
[Result "1-0"]
[BlackTitle "WCM"]
[WhiteElo "2224"]
[BlackElo "1941"]
[WhiteFideId "34173714"]
[BlackFideId "13429990"]
[EventDate "2025.05.20"]

1. e4 c5 2. c3 Nf6 3. e5 Nd5 4. d4 cxd4 5. Nf3 d6 6. Qxd4 e6 7. Bb5+ Nc6 8. O-O
dxe5 9. Nxe5 Bd7 10. Bxc6 Bxc6 11. Nxc6 bxc6 12. Nd2 Qf6 13. Qa4 e5 14. Ne4 Qg6
15. f4 exf4 16. Bxf4 Be7 17. Nd6+ Kd7 18. Nc4 f6 19. Rad1 Bc5+ 20. Kh1 Qh5 21.
Na5 Rac8 22. c4 Bd6 23. Rxd5 Qe2 24. Rxd6+ Ke7 25. Qd1 Qe4 26. Rd7+ 1-0

[Event "Titled Tue 20th May Early"]
[Site "chess.com INT"]
[Date "2025.05.20"]
[Round "1"]
[White "Dumanuly, Sultanbeibarys"]
[Black "Tatarinov, Dmitry"]
[Result "1-0"]
[WhiteTitle "FM"]
[BlackTitle "FM"]
[WhiteElo "2117"]
[BlackElo "2344"]
[WhiteFideId "13731963"]
[BlackFideId "24160067"]
[EventDate "2025.05.20"]

1. e4 c5 2. Nc3 Nc6 3. Bb5 Nd4 4. Bc4 g6 5. Nf3 Bg7 6. Nxd4 cxd4 7. Qf3 e6 8.
Ne2 Ne7 9. d3 O-O 10. O-O d6 11. Qg3 a5 12. a4 Qb6 13. Bb3 Bd7 14. Bf4 e5 15.
Bg5 Nc6 16. f4 Be6 17. f5 Bxb3 18. f6 Bxc2 19. fxg7 Rfe8 20. Bf6 Rac8 21. Rf3
Nb8 22. Qh4 h5 23. Qg5 Qxb2 24. Qh6 Qxa1+ 25. Kf2 Bxd3 1-0

[Event "Titled Tue 20th May Early"]
[Site "chess.com INT"]
[Date "2025.05.20"]
[Round "1"]
[White "Sobek, Jaroslav"]
[Black "Baradaran Tamadon, Arian"]
[Result "0-1"]
[WhiteTitle "FM"]
[BlackTitle "FM"]
[WhiteElo "2195"]
[BlackElo "2304"]
[WhiteFideId "301388"]
[BlackFideId "12595837"]
[EventDate "2025.05.20"]

1. d4 Nf6 2. c4 b6 3. Nc3 d6 4. Nf3 Bb7 5. Qc2 Nbd7 6. e4 e5 7. Be2 exd4 8. Nxd4
g6 9. O-O Bg7 10. Be3 O-O 11. Rad1 Re8 12. f3 c6 13. Rfe1 d5 14. cxd5 cxd5 15.
Bg5 dxe4 16. Nxe4 Rc8 17. Qb1 Bxe4 18. fxe4 Qc7 19. Bf3 Ne5 20. Kh1 Neg4 21. g3
Nf2+ 22. Kg2 Nxd1 23. Rxd1 Nxe4 24. Bf4 Qc5 25. Nb3 Qf2+ 0-1

[Event "Titled Tue 20th May Early"]
[Site "chess.com INT"]
[Date "2025.05.20"]
[Round "1"]
[White "Rahman, Masruri"]
[Black "Urbina Perez, Juan Antonio"]
[Result "1-0"]
[WhiteTitle "FM"]
[BlackTitle "FM"]
[WhiteElo "2407"]
[BlackElo "2221"]
[WhiteFideId "7101163"]
[BlackFideId "2217368"]
[EventDate "2025.05.20"]

1. d4 d5 2. Bf4 e6 3. e3 Nf6 4. Nd2 Bd6 5. Bg3 c5 6. c3 Qc7 7. Ngf3 Nbd7 8. c4
cxd4 9. Nxd4 Bxg3 10. hxg3 dxc4 11. Nb5 Qc5 12. Nxc4 O-O 13. Nbd6 Qb4+ 14. Qd2
Qxd2+ 15. Nxd2 Nb6 16. Rd1 Rd8 17. N2c4 Nxc4 18. Bxc4 b6 19. Bb5 Nd5 20. Bc6 Rb8
21. Nb5 a6 22. Nc3 Bb7 23. Bxb7 Rxb7 24. e4 1-0

[Event "Titled Tue 20th May Early"]
[Site "chess.com INT"]
[Date "2025.05.20"]
[Round "1"]
[White "Bayaca, Sterling"]
[Black "Manafov, Vugar"]
[Result "0-1"]
[WhiteTitle "FM"]
[BlackTitle "IM"]
[WhiteElo "2231"]
[BlackElo "2432"]
[WhiteFideId "3227790"]
[BlackFideId "13410814"]
[EventDate "2025.05.20"]

1. Nf3 d5 2. e3 Nf6 3. c4 c6 4. Nc3 Bf5 5. cxd5 cxd5 6. Qb3 Bc8 7. Bb5+ Nc6 8.
Nd4 Qd6 9. Qa4 Bd7 10. O-O e5 11. Nf3 e4 12. Nd4 h5 13. f3 exf3 14. Rxf3 Ng4 15.
Rh3 Nge5 16. Rh4 g5 17. Rh3 Bxh3 18. gxh3 g4 19. hxg4 hxg4 20. Nf5 Nf3+ 21. Kf1
Qf6 22. Bxc6+ Qxc6 23. Qxg4 Nxh2+ 0-1

[Event "Titled Tue 20th May Early"]
[Site "chess.com INT"]
[Date "2025.05.20"]
[Round "1"]
[White "Kshatriya, Nitin Vekhande"]
[Black "Berg, Vadim Daskevich"]
[Result "1-0"]
[WhiteTitle "FM"]
[BlackTitle "IM"]
[WhiteElo "2255"]
[BlackElo "2445"]
[WhiteFideId "45075530"]
[BlackFideId "11601965"]
[EventDate "2025.05.20"]

1. e4 c5 2. Nf3 d6 3. d4 cxd4 4. Nxd4 Nf6 5. Nc3 a6 6. Be2 e5 7. Nb3 Be7 8. O-O
O-O 9. Kh1 Nbd7 10. a4 Qc7 11. a5 Nc5 12. f3 Be6 13. Nxc5 Qxc5 14. f4 Rac8 15.
Ra4 Qa7 16. Rf3 Rxc3 17. Rxc3 Bd7 18. Rac4 Bb5 19. Be3 Qb8 20. Rc7 Bxe2 21. Qxe2
Nxe4 22. Rxe7 Nxc3 23. bxc3 Qd8 24. Rxb7 Qxa5 25. fxe5 dxe5 26. Qc4 Qd8 27. h3
Qh4 28. Qxh4 1-0

[Event "Titled Tue 20th May Early"]
[Site "chess.com INT"]
[Date "2025.05.20"]
[Round "1"]
[White "Herpai, Jozsef Matyas"]
[Black "Akhilbay, Imangali"]
[Result "0-1"]
[WhiteTitle "CM"]
[BlackTitle "FM"]
[WhiteElo "2056"]
[BlackElo "2346"]
[WhiteFideId "786179"]
[BlackFideId "13734857"]
[EventDate "2025.05.20"]

1. Nf3 g6 2. g3 Bg7 3. Bg2 c5 4. O-O Nc6 5. d3 e5 6. c4 Nge7 7. Nc3 O-O 8. Nd2
d6 9. a3 Be6 10. e4 f5 11. Nd5 Nd4 12. b4 f4 13. Bb2 b6 14. Bxd4 cxd4 15. Qe2
Qd7 16. f3 fxg3 17. hxg3 Bh6 18. Rad1 Nxd5 19. cxd5 Bh3 20. Kh2 Bxg2 21. Qxg2
Rac8 22. Rf2 Rc3 23. Nb1 Rb3 24. Qh3 Qxh3+ 25. Kxh3 Be3 26. Rff1 Rb2 27. Kg4 h5+
28. Kh3 Rc8 29. g4 Rcc2 30. Rh1 Bf4 31. gxh5 gxh5 32. Rdg1+ Kh7 0-1

[Event "Titled Tue 20th May Early"]
[Site "chess.com INT"]
[Date "2025.05.20"]
[Round "1"]
[White "Vlassov, Nikolai"]
[Black "Fishman, Albert"]
[Result "1-0"]
[WhiteTitle "IM"]
[WhiteElo "2291"]
[BlackElo "2149"]
[WhiteFideId "4103360"]
[BlackFideId "2090597"]
[EventDate "2025.05.20"]

1. e4 g6 2. Nc3 Bg7 3. h4 c5 4. h5 Nc6 5. d3 e6 6. h6 Bf6 7. Nf3 d5 8. g4 Bxc3+
9. bxc3 dxe4 10. dxe4 Qxd1+ 11. Kxd1 e5 12. g5 Bg4 13. Be2 O-O-O+ 14. Ke1 f5 15.
gxf6 Nxf6 16. Bg5 Rhf8 17. Bxf6 Rxf6 18. Ng5 Bxe2 19. Kxe2 Rd7 20. Rad1 Rf4 21.
Rxd7 Kxd7 22. f3 Nd8 23. Nxh7 Ne6 24. Nf6+ Rxf6 25. h7 Nf4+ 26. Kd2 Rf8 27. h8=Q
Rxh8 28. Rxh8 a6 29. c4 Kc7 30. Rh7+ Kc6 31. Re7 b5 32. cxb5+ Kxb5 33. Rxe5 Kc4
34. Rg5 Kd4 35. c3+ Kc4 36. Ke3 Nh5 37. Rxg6 Kxc3 38. e5 c4 39. e6 Kb2 40. e7 c3
41. Rb6+ Ka1 42. e8=Q Nf6 43. Rxf6 c2 44. Qe5+ Kb1 45. Rb6+ Kxa2 46. Qb2# 1-0

[Event "Titled Tue 20th May Early"]
[Site "chess.com INT"]
[Date "2025.05.20"]
[Round "1"]
[White "Kvaloy, Aksel Bu"]
[Black "Jacobsen, Mikkel Manosri"]
[Result "1-0"]
[WhiteTitle "IM"]
[BlackTitle "FM"]
[WhiteElo "2479"]
[BlackElo "2223"]
[WhiteFideId "1528815"]
[BlackFideId "1444514"]
[EventDate "2025.05.20"]

1. e4 c5 2. Nf3 Nf6 3. e5 Nd5 4. Nc3 e6 5. Ne4 f5 6. Nc3 Ne7 7. g3 Nbc6 8. Bg2
Ng6 9. Qe2 Qc7 10. Nb5 Qb8 11. d4 a6 12. Nd6+ Bxd6 13. exd6 Qxd6 14. dxc5 Qxc5
15. O-O O-O 16. Be3 Qe7 17. c3 b5 18. Rad1 Bb7 19. Nd4 Nxd4 20. Bxd4 Bxg2 21.
Kxg2 d6 22. Be3 f4 23. gxf4 Rxf4 24. Kh1 Rh4 25. Rg1 Rf8 26. Bg5 Qf7 27. Bxh4
Nxh4 28. Rxd6 Nf3 29. Rg3 Qh5 30. h3 e5 31. Rd3 e4 32. Qxe4 Ng5 33. Qg4 Qxg4 34.
Rxg4 Ne4 35. Rxe4 1-0

[Event "Titled Tue 20th May Early"]
[Site "chess.com INT"]
[Date "2025.05.20"]
[Round "1"]
[White "Matyakubov, Miraziz"]
[Black "Vafin, Ayrat"]
[Result "1-0"]
[WhiteTitle "CM"]
[BlackTitle "FM"]
[WhiteElo "2272"]
[BlackElo "2302"]
[WhiteFideId "14215772"]
[BlackFideId "4146530"]
[EventDate "2025.05.20"]

1. e4 e5 2. Nf3 Nf6 3. d4 Nxe4 4. Bd3 d5 5. Nxe5 Nd7 6. Nxd7 Bxd7 7. O-O Bd6 8.
f3 Qh4 9. h3 Qg3 10. fxe4 Qh2+ 11. Kf2 Bg3+ 12. Kf3 dxe4+ 13. Bxe4 f5 14. Bxb7
Bd6 15. Qe1+ Kf7 16. Rh1 1-0

[Event "Titled Tue 20th May Early"]
[Site "chess.com INT"]
[Date "2025.05.20"]
[Round "1"]
[White "Tran, Vo Quoc Bao"]
[Black "Nersisyan, Garnik"]
[Result "1-0"]
[BlackTitle "CM"]
[WhiteElo "2096"]
[BlackElo "2035"]
[WhiteFideId "12425184"]
[BlackFideId "13300741"]
[EventDate "2025.05.20"]

1. e4 e6 2. d4 d5 3. Nd2 dxe4 4. Nxe4 Nd7 5. Nf3 Be7 6. Bd3 b6 7. O-O Bb7 8. Qe2
Ngf6 9. Ng3 O-O 10. c3 c5 11. Rd1 cxd4 12. Nxd4 Nc5 13. Bc2 Qd5 14. Nf3 Qc6 15.
Be3 Rad8 16. h3 Nce4 17. Nxe4 Nxe4 18. Rd4 Rxd4 19. Bxd4 Bc5 20. Bxe4 Qxe4 21.
Qxe4 Bxe4 22. Bxc5 bxc5 23. Nd2 Bd3 24. Rd1 c4 25. b3 Bc2 26. Rc1 cxb3 27. axb3
Bg6 28. Ra1 Ra8 29. b4 h6 30. Nb3 Bc2 31. Nc5 g5 32. Kf1 h5 33. Ke1 Rd8 34. Rxa7
Rd1+ 35. Ke2 Rg1 36. b5 Rb1 37. c4 e5 38. Nd7 e4 39. Kd2 Bd3 40. Ne5 Rb2+ 41.
Kc3 Rxf2 42. Nxd3 exd3 43. b6 d2 44. Kc2 Kg7 45. b7 d1=Q+ 46. Kxd1 Rb2 47. c5
Kf6 48. c6 Ke5 49. c7 Kd4 50. c8=Q 1-0

[Event "Titled Tue 20th May Early"]
[Site "chess.com INT"]
[Date "2025.05.20"]
[Round "1"]
[White "Naroditsky, Daniel"]
[Black "Bespalov, Elisei"]
[Result "1-0"]
[WhiteTitle "GM"]
[WhiteElo "2619"]
[BlackElo "2303"]
[WhiteFideId "2026961"]
[BlackFideId "34251928"]
[EventDate "2025.05.20"]

1. e4 d5 2. exd5 Nf6 3. Nf3 Qxd5 4. d4 Bg4 5. Be2 Nc6 6. h3 Bxf3 7. Bxf3 Qd6 8.
c3 O-O-O 9. Qa4 Kb8 10. O-O Nd5 11. Nd2 Nb6 12. Qb3 e5 13. Ne4 Qg6 14. Ng5 exd4
15. Nxf7 Na5 16. Nxh8 Nxb3 17. Nxg6 Nxa1 18. Bg5 Re8 19. Nxf8 Nc2 20. Nxh7 Rh8
21. Be4 d3 22. Bxd3 1-0

[Event "Titled Tue 20th May Early"]
[Site "chess.com INT"]
[Date "2025.05.20"]
[Round "1"]
[White "Boci, Mateu"]
[Black "Toroptseva, Yevheniia"]
[Result "0-1"]
[WhiteTitle "FM"]
[BlackTitle "WFM"]
[WhiteElo "2268"]
[BlackElo "2064"]
[WhiteFideId "4704665"]
[BlackFideId "34109374"]
[EventDate "2025.05.20"]

1. e4 c5 2. Nf3 e6 3. d4 cxd4 4. Nxd4 Nf6 5. Nc3 Nc6 6. Be2 Bb4 7. O-O Bxc3 8.
bxc3 Nxe4 9. Nxc6 bxc6 10. Qd4 d5 11. Qxg7 Qf6 12. Qxf6 Nxf6 13. c4 Ba6 14. Bb2
Ke7 15. Ba3+ Kd7 16. Rfe1 dxc4 17. Red1+ Nd5 18. Rd4 Rab8 19. Bxc4 Bxc4 20. Rxc4
Kc7 21. Rd1 Rhd8 22. g3 Ne3 23. Rxd8 Rb1+ 24. Rd1 Rxd1# 0-1

[Event "Titled Tue 20th May Early"]
[Site "chess.com INT"]
[Date "2025.05.20"]
[Round "1"]
[White "Rosh, Jain"]
[Black "Garcia Correa, Jose Ricardo"]
[Result "1-0"]
[WhiteTitle "FM"]
[BlackTitle "FM"]
[WhiteElo "2254"]
[BlackElo "2103"]
[WhiteFideId "25789465"]
[BlackFideId "5101832"]
[EventDate "2025.05.20"]

1. e4 e5 2. Nf3 Nc6 3. Bb5 a6 4. Ba4 Nf6 5. O-O Be7 6. Re1 b5 7. Bb3 O-O 8. d4
Nxd4 9. Nxd4 exd4 10. e5 Ne8 11. Qxd4 c5 12. Qe4 Rb8 13. c3 Bb7 14. Qg4 g6 15.
Bh6 Ng7 16. Nd2 d5 17. Rad1 Bc8 18. Qf3 Be6 19. Nf1 c4 20. Bc2 Bg5 21. Bxg5 Qxg5
22. Ne3 Rfd8 23. Nxd5 Kh8 24. Nf6 Rxd1 25. Rxd1 Qxe5 26. Qg3 Qxg3 27. hxg3 Nf5
28. Bxf5 Bxf5 29. Rd6 b4 30. cxb4 Rxb4 31. g4 Be6 32. Rd8+ Kg7 33. g5 1-0

[Event "Titled Tue 20th May Early"]
[Site "chess.com INT"]
[Date "2025.05.20"]
[Round "1"]
[White "Piorun, Kacper"]
[Black "Altynbek, Aiaru"]
[Result "1-0"]
[WhiteTitle "GM"]
[BlackTitle "WFM"]
[WhiteElo "2577"]
[BlackElo "1977"]
[WhiteFideId "1130420"]
[BlackFideId "13752472"]
[EventDate "2025.05.20"]

1. d4 d5 2. c4 e6 3. Nc3 Be7 4. cxd5 exd5 5. Bf4 c6 6. e3 Bf5 7. Nge2 Nf6 8. Ng3
Bg6 9. h4 h6 10. h5 Bh7 11. Bd3 O-O 12. Bxh7+ Nxh7 13. Nf5 Bg5 14. Bxg5 Qxg5 15.
g4 Nd7 16. Rg1 Rae8 17. Qf3 Nb6 18. O-O-O Nf6 19. Qh3 Ne4 20. f4 Qd8 21. Nxe4
dxe4 22. g5 Qd5 23. gxh6 Qxa2 24. Rxg7+ Kh8 25. Qg4 Qa1+ 26. Kc2 Qa4+ 27. Kb1
Rg8 28. Rg1 1-0

[Event "Titled Tue 20th May Early"]
[Site "chess.com INT"]
[Date "2025.05.20"]
[Round "1"]
[White "Kilic, Eray"]
[Black "Grzesik, Gracjan"]
[Result "1-0"]
[WhiteTitle "IM"]
[BlackTitle "CM"]
[WhiteElo "2469"]
[BlackElo "2175"]
[WhiteFideId "44517173"]
[BlackFideId "1194593"]
[EventDate "2025.05.20"]

1. e4 c5 2. c3 d5 3. exd5 Qxd5 4. d4 Nf6 5. Nf3 Bg4 6. dxc5 Qxc5 7. Be3 Qc7 8.
Na3 Nbd7 9. Nb5 Qb8 10. h3 Bxf3 11. Qxf3 a6 12. Nd4 e6 13. O-O-O Bd6 14. g4 O-O
15. Bg2 Nc5 16. Nb3 Nxb3+ 17. axb3 Nd5 18. Bd4 Qc7 19. Kb1 Rad8 20. h4 b5 21. h5
Be5 22. Rhe1 Bxd4 23. Rxd4 a5 24. h6 b4 25. hxg7 Kxg7 26. c4 Nf6 27. g5 Nd7 28.
Rh1 Rh8 29. Qh5 Nf8 30. Qh6+ Kg8 31. Qf6 Rxd4 32. Qxd4 Ng6 33. Rd1 Qf4 34. Qf6
Qxf6 35. gxf6 Nf8 36. c5 h5 37. c6 Rh6 38. c7 1-0

[Event "Titled Tue 20th May Early"]
[Site "chess.com INT"]
[Date "2025.05.20"]
[Round "1"]
[White "Vidal Melendez, Ismael David"]
[Black "Zepeda Berlanga, Jan Enrique"]
[Result "1-0"]
[WhiteTitle "FM"]
[BlackTitle "CM"]
[WhiteElo "2294"]
[BlackElo "1941"]
[WhiteFideId "3901718"]
[BlackFideId "5132355"]
[EventDate "2025.05.20"]

1. d4 Nf6 2. c4 g6 3. Nc3 d5 4. Bf4 Bg7 5. Nf3 O-O 6. e3 c5 7. dxc5 Qa5 8. Rc1
dxc4 9. Bxc4 Rd8 10. Qb3 e6 11. Qb5 Nc6 12. Qxa5 Nxa5 13. Bc7 Nxc4 14. Bxd8 Nxb2
15. O-O Nd3 16. Rc2 Bd7 17. Be7 Ng4 18. h3 Nge5 19. Nxe5 Nxe5 20. Rd1 Bc6 21.
Rd8+ Rxd8 22. Bxd8 Nd3 23. Be7 Bxg2 24. Rd2 Ne1 25. Rd8+ 1-0